Κατάλογος Βιβλιοθηκών Mediterranean College

Psychology and Life / Seventh Edition (Record no. 169)

MARC details
000 -LEADER
fixed length control field 01248cam a22001934a 4500
005 - ΗΜΕΡΟΜΗΝΙΑ ΚΑΙ ΩΡΑ ΤΕΛΕΥΤΑΙΑΣ ΕΝΗΜΕΡΩΣΗΣ
Πεδίο ελέγχου 20250605163926.0
008 - FIXED-LENGTH DATA ELEMENTS--GENERAL INFORMATION
Πεδίο ελέγχου σταθερού μήκους 250528s ||||||||||||||||||||||||d
035 ## - SYSTEM CONTROL NUMBER
System control number 14544
040 ## - ΠΗΓΗ ΚΑΤΑΛΟΓΟΓΡΑΦΗΣΗΣ
Φορέας πρωτότυπης καταλογογράφησης MC Athens Campus Library
Γλώσσα καταλογογράφησης Ελληνικά, Μοντέρνα (1453-)
Modifying agency MC Athens Campus Library
Κανόνες περιγραφικής καταλογογράφησης AACR2
245 1# - ΤΙΤΛΟΣ ΚΑΙ ΔΗΛΩΣΗ ΥΠΕΥΘΥΝΟΤΗΤΑΣ
Τίτλος Psychology and Life / Seventh Edition
250 ## - EDITION STATEMENT
Edition statement 7th
260 ## - PUBLICATION, DISTRIBUTION, ETC.
Name of publisher, distributor, etc. Scott, Foresman And Company,
Date of publication, distribution, etc. 1967
300 ## - PHYSICAL DESCRIPTION
Extent 760
520 ## - SUMMARY, ETC.
Summary, etc. One Man Studies Himself, What Psychology Is and Does, The Biological Bases of Behavior, How and Why People Differ, The Development of Behavior, Clinical Approaches to Personality, Psychometric Approaches to Personality, How People Change Through Learning, Defining and Measuring Learning and Retention, The Management of Learning and Retention, Knowing The World, Stimulation and Sensation, Observation and Action, Thinking and Deciding, Adjustment and Maladjustment, Motivation and Drive, Emotion, Reactions to Frustration, Mental Health and Therapy, Psychological Factors in Social Living, The Individual and Group, Communication and Persuasion, Reference Manual, Basic Concepts in Statistics, Frontiers in Psychology, Acknowledgements, References, Glossary, Name Index, Subject Index.
700 1# - ΠΡΟΣΘΕΤΗ ΑΝΑΓΡΑΦΗ--ΦΥΣΙΚΟ ΠΡΟΣΩΠΟ
Personal name Ruch Floyd L
9 (RLIN) 250
942 ## - ADDED ENTRY ELEMENTS (KOHA)
Koha item type Books
Holdings
Τύπος τεκμηρίου Βιβλιοθήκη Τρέχουσα τοποθεσία Barcode Αριθμός εισαγωγής Ημερομηνία απόκτησης Ταξιθετικό σύμβολο Αριθμός αντιτύπου Κατάσταση απόσυρσης Κατάσταση χαμένου Κατάσταση κατεστραμμένου Μη δανεισμός Σύνολο δανεισμών Ημερομηνία τελευταίας εμφάνισης Η τιμή ισχύει από
Books MC Athens Campus Library MC Athens Campus Library 9780000001689 190 05/06/2025 150 RUC 1           05/06/2025 05/06/2025

MC Athens Campus Library
Πατησίων 94 & Κοδριγκτώνος 13, 104 34
Πελλήνης 8 & Πατησίων 107, 112 51
Τ: +30 210 8899600

MC Thessaloniki Campus Library
Ίωνος Δραγούμη 21, 54625 | Ίωνος Δραγούμη 15, 54625
Τ: +30 2310 287779 – Τ: +30 2314 440300